000 00427cam a2200169ua 4500
020 _c3.00
041 _amal
_h
082 _a894.8124
_bPAV/KE
100 _aPavanan, .
245 _aKeralam engane jeevikkunnu /
_cPavanan.
_hTextual Documents
260 _aKottayam :
_bSahitya Pravarthaka Co-operative Society ,
_c1967.
300 _a182 ; .
365 _a3.00
504 _a
942 _cBK
999 _c5927
_d5927